| 000 | 01351nam a22002295i 4500 | ||
|---|---|---|---|
| 001 | 53658 | ||
| 003 | ES-MaACL | ||
| 005 | 20250809020256.0 | ||
| 007 | t| | ||
| 008 | 960529s1881 sp ||||1| spa d | ||
| 100 | 1 |
_aFernández y Bernal, M. José. _950171 |
|
| 245 | 1 | 0 |
_aAnuario jurídico-administrativo : _bobra indispensable a los funcionarios del orden judicial y administrativo, a los abogados, notarios, procuradores y auxiliares de los juzgados y tribunales y sumamente útil a los propietarios, administradores, a los que contratan y en general a todas las clases de la sociedad... / _cpor José Fernández y Bernal ; bajo la dirección de Narciso de Olañeta. |
| 250 | _a1ª ed. | ||
| 260 |
_aMadrid : _b[s.n.], _c1881 ( _fEstab. Tip. de M. Minuesa) |
||
| 300 |
_aVIII, 201, 160 p. ; _c23 cm. |
||
| 505 | 8 | _aContiene: Parte primera. Índice de las principales disposiciones legales, aplicables y vigentes en España y sus posesiones de ultramar sobre las diferentes ramas del derecho y administración publicadas hasta el 31 de julio de 1880 (p. 1-201)- Parte segunda. Papel sellado ; aranceles ; partidos judiciales (p. 1-160) | |
| 650 | 0 | 4 |
_aDerecho- _zEspaña- _yS.XIX _911618 |
| 650 | 4 |
_aAranceles- _zEspaña. _9135595 |
|
| 700 | 1 |
_aOlañeta, Narciso de. _986655 |
|
| 852 |
_aES-MaACL _jT-794-F-1 |
||
| 999 |
_c53658 _d53658 |
||